Statystyki dla Bedoes-Kwiat Polskiej Młodzieży

Kliknij tutaj aby rozwiązać quiz!

Ogólne statystyki

  • Ten quiz został rozwiązany 531 razy
  • Średni wynik to 10 z 16

Statystyki odpowiedzi

Odpowiedzi% Poprawnych
Kwiat Polskiej Młodzieży
94%
Delfin
75%
Janosik
73%
Gady
70%
05:05
66%
Chłopaki nie płaczą
66%
Bardzo przepraszam
63%
Tarzan
62%
Rivendell
61%
Śnieg
61%
1000 koni
57%
Toy story
57%
Wow
53%
Givenchy
52%
Mercedes GLE Coupé
51%
Introdukcja
42%

Rozkład punktacji

Percentyl według liczby udzielonych odpowiedzi

Procent ludzi z każdym wynikiem

Twoja historia wyników

Nie rozwiązałeś tego quizu